000
00344 a2200169 4500
001
184276
020
_a
85-322-2139-4
040
_c
Magnum
100
_a
Porto, Cristina
240
1
0
_a
Leo marinho
_l
por
245
1
0
_a
Leo marinho
300
_a
24
362
0
_a
1996
440
1
_a
FTD
697
_a
LITERATURA INFANTO-JUVENIL
942
_c
BK
999
_c
184276
_d
184276